000 00271nam a2200121Ia 4500
008 180730s9999||||xx |||||||||||||| ||und||
082 _a372.5
_bAPP/F
100 _aApple
245 0 _aDVD Studio Pro
260 _aUS
_bApple Comp. Inc.
_c2007
300 _a883p
942 _aBK
999 _c2211
_d2211